| 000 | 00436nam a2200193Ia 4500 | ||
|---|---|---|---|
| 005 | 20240823025626.0 | ||
| 008 | 240823s9999||||xx |||||||||||||| ||und|| | ||
| 020 | _a0-8247-2421-6 | ||
| 041 | _aENGLISH | ||
| 082 | _A669.9 P8 | ||
| 100 | _a"Hosford,William F" | ||
| 245 | 0 | _aPhysical Metallurgy | |
| 250 | _a1st | ||
| 260 |
_c2008 _bTaylo |
||
| 500 | _aYES | ||
| 650 |
_aMetallurgy _bMechanical |
||
| 942 | _cBK | ||
| 999 |
_c186764 _d186764 |
||